| 000 | 00457nam a2200169Ia 4500 | ||
|---|---|---|---|
| 003 | GCL | ||
| 008 | 140319s9999 xx 000 0 eng d | ||
| 040 |
_aGCL / _cGCL |
||
| 082 | 0 | 4 |
_a791.43 _bR N |
| 100 | 1 | _aREYNOLDS, PETER | |
| 245 | 1 | 0 |
_aNOVEL IMAGES: LITERATURE IN PERFORMANCE / _cREYNOLDS, PETER |
| 260 |
_a[S.N] : _bROUTLEDGE ، _c1993 |
||
| 300 | _a208 P | ||
| 650 | 0 | 4 | _aFILM ADAPTATION |
| 650 | 0 | 4 | _aMOTION PICTURES - LITERATURE |
| 942 |
_2ddc _cBK |
||
| 999 |
_c24571 _d24571 |
||